00654cam a22002297a 4500003000500000005001700005008004100022010001000063011001000073022001400083035001100097040000900108100002800117245004300145260003400188300001100222490003700233650001500270650002300285710007900308830003700387CHAP20220329143557.0100618s1982 mx a r 00010 spa d a98757 a997290 a0185-0369 a110415 cCHAP00aLot Helgueras, Antonio.14aEl manglarc/por Antonio Lot Helgueras aXalapa, Ver. :bINIREB,c1982 a4 p. : 0aINIREB Informa. Comunicadov; 2114aManglares.14aRhizophora mangle.0 aInstituto Nacional de Investigaciones sobre Recursos Bióticos. México.0 aINIREB Informa. Comunicadov; 21